Welcome to CU Library Online Public Access Catalogue (OPAC)

The doctrine of the Trinity, (Record no. 6960)

MARC details
000 -LEADER
fixed length control field 00501cam a22001691 4500
001 - CONTROL NUMBER
control field 7380139
005 - DATE AND TIME OF LATEST TRANSACTION
control field 20250714141540.0
008 - FIXED-LENGTH DATA ELEMENTS--GENERAL INFORMATION
fixed length control field 750512s1940 xx 000 0 eng
050 00 - LIBRARY OF CONGRESS CALL NUMBER
Classification number BT111
Item number .K55
100 1# - MAIN ENTRY--PERSONAL NAME
Personal name LEONARD HODGSON
Dates associated with a name 1862-1953.
245 14 - TITLE STATEMENT
Title The doctrine of the Trinity,
260 ## - PUBLICATION, DISTRIBUTION, ETC.
Place of publication, distribution, etc. New York,
Name of publisher, distributor, etc. Chales scribner's & Sons
Date of publication, distribution, etc. [c1940]
300 ## - PHYSICAL DESCRIPTION
Extent ix, 293 p.
Dimensions 21 cm.
500 ## - GENERAL NOTE
General note Translation of Le Dieu des chrétiens, notre foi en la Trinité.
650 #0 - SUBJECT ADDED ENTRY--TOPICAL TERM
Topical term or geographic name entry element Trinity.
942 ## - ADDED ENTRY ELEMENTS (KOHA)
Source of classification or shelving scheme Library of Congress Classification
Koha item type Books
Suppress in OPAC No
999 ## -
-- 6960
-- 6960
Holdings
Withdrawn status Lost status Source of classification or shelving scheme Damaged status Not for loan Collection Home library Current library Shelving location Date acquired Total checkouts Full call number Barcode Date last seen Copy number Price effective from Koha item type
    Library of Congress Classification     Non-fiction Undergraduate Library (Christ Temple) Undergraduate Library (Christ Temple) General stacks 07/14/2025   BT111.H6 HOD ulct00003840 07/14/2025 1 07/14/2025 Books
© 2023-2024 Copyright: Central University Libraries. All Rights Reserved | Created by: Mahone Tech Office